| 000 | 00999cab a2200289 4500 | ||
|---|---|---|---|
| 001 | ABS60190 | ||
| 008 | 090401t1999 xxu||||| |||| 00| 0 eng d | ||
| 035 | _a(Sirsi) u91271 | ||
| 041 | _aeng | ||
| 100 | _aElson, J. | ||
| 245 | _aHealth & safety: a landlord`s problem | ||
| 260 | _c1999 | ||
| 350 | _a0 | ||
| 490 |
_aSolicitors` Journal _v143(4) 5 February 1999, 106-108(3) |
||
| 520 | _aA summary of health and safety provisions affecting landlords, including details of the statutory framework, points to consider when drafting a lease, and steps which landlords can take to avoid liability. | ||
| 650 | _aDEFECTIVE PREMISES ACT 1972 | ||
| 650 | _aHEALTH AND SAFETY AT WORK ETC ACT 1974 | ||
| 650 |
_aHEALTH AND SAFETY _96244 |
||
| 650 | _aLANDLORDS | ||
| 650 | _aLIABILITY | ||
| 650 | _aOCCUPIERS LIABILITY ACT 1957 | ||
| 650 | _aOCCUPIERS LIABILITY ACT 1984 | ||
| 650 | _aSTATUTORY OBLIGATIONS | ||
| 690 |
_aLandlord and tenant _96252 |
||
| 942 | _n0 | ||
| 948 | _c12/02/1999 | ||
| 999 |
_c57922 _d57922 |
||